000 00587nam a2200217Ia 4500
005 20250508165021.0
008 008 250505s9999 xx 000 0 eng d
020 _a0-205-14174-9
037 _aTextual
040 _aFEDL
_beng
_cFEDL
041 _aeng
_2eng
084 _a150.9, VIN
_qFEDL
100 _aViney Wayne
_9477778
245 0 _aHistory of psychology: Ideas and context
260 _aBoston, USA
_bAllyn and Bacon
_c1993
300 _axxi,489p.
365 _aUSD
_b52.95
546 _aMACESE
942 _cTEXL
_h150.9, VIN
999 _c1392678
_d1392678